000
00345cam a2200145ua 4500
041
_a
eng
_h
082
_a
823.308
_b
SAR/NA
100
_a
Sartre, Jean Paul .
245
_a
Nausea /
_c
Jean Paul Sartre.
_h
Textual Documents
260
_a
London :
_b
Hamish hanil ,
_c
1962.
300
_a
238 ; .
504
_a
942
_c
BK
999
_c
2737
_d
2737